01315nam a22002177a 450000500170000000800410001702000180005804000070007604100080008308200180009110000210010924500600013026000250019030000260021536500620024152007340030365000120103765000120104965000130106170000230107420250506113158.0250107b ||||| |||| 00| 0 eng d a9780349113463 cAL aeng 223a302bGLAT aMalcolm Gladwell aTipping Point:bHow little things can make a difference aLondonbAbacusc2010 ax,179p.bPBc20x13cm. 2PhysicsaXIA4-155580b253.17c₹d261.00e3%f17-12-2024 aA wonderful page-turner about a fascinating idea that should affect the way every thinking person thinks about the world around him' Michael Lewis In this brilliant and original book, Malcolm Gladwell explains and analyses the 'tipping point', that magic moment when ideas, trends and social behaviour cross a threshold, tip and spread like wildfire. Taking a look behind the surface of many familiar occurrences in our everyday world, Gladwell explains the fascinating social dynamics that cause rapid change. 'Hip and hopeful, THE TIPPING POINT is like the idea it describes: concise, elegant but packed with social power. A book for anyone who cares about how society works and how we can make it better' George Stephanopoulos aSuicide aSmoking aSneakers aGLADWELL (Malcolm)